[Event "BIH-ch-T"]
[Site "Sarajevo"]
[Date "2013.06.20"]
[Round "6.2"]
[White "Mehmedovic, Mirza"]
[Black "Arapovic, Vitomir"]
[Result "1/2-1/2"]
[WhiteElo "2225"]
[BlackElo "2356"]
[PlyCount "92"]
[EventDate "2013.06.15"]

1. e4 g6 2. d4 Bg7 3. Nc3 d6 4. Be2 Nc6 5. Be3 e5 6. Nf3 exd4 7. Nxd4 Nf6 8.
O-O O-O 9. f4 Bd7 10. Bf3 Re8 11. Re1 a6 12. Bf2 Rb8 13. h3 Nxd4 14. Bxd4 c5
15. Bf2 Bc6 16. a4 Qb6 17. Rb1 Qc7 18. g4 h6 19. Kg2 Rbd8 20. Qd2 b5 21. axb5
axb5 22. g5 hxg5 23. fxg5 Nd7 24. Nd5 Bxd5 25. Qxd5 Ne5 26. Be2 b4 27. h4 Qd7
28. h5 Qe7 29. Be3 gxh5 30. Bxh5 Qe6 31. Qxe6 Rxe6 32. b3 Ng6 33. Bf3 Ra8 34.
Re2 Bc3 35. Kg3 Kg7 36. Rh1 Ree8 37. Bf4 Be5 38. Bxe5+ Nxe5 39. Rh6 Re6 40.
Reh2 Rxh6 41. Rxh6 Ra6 42. Bh5 Kf8 43. Kf4 Ke7 44. Rh7 Kf8 45. Rh6 Ke7 46. Rh7
Kf8 1/2-1/2

[Event "BIH-ch-T"]
[Site "Sarajevo"]
[Date "2013.06.20"]
[Round "6.2"]
[White "Jovovic, Milan"]
[Black "Colpa, Husein"]
[Result "0-1"]
[WhiteElo "1879"]
[BlackElo "1952"]
[PlyCount "112"]
[EventDate "2013.06.15"]

1. d4 Nf6 2. c4 e6 3. Nc3 d5 4. Bg5 Be7 5. e3 Nbd7 6. Nf3 c6 7. Bd3 dxc4 8.
Bxc4 b5 9. Bd3 Bb7 10. O-O a6 11. Qe2 c5 12. Rfd1 Qb6 13. Ne5 Rd8 14. Nxd7 Rxd7
15. dxc5 Qxc5 16. Bh4 g5 17. Bg3 h5 18. Rac1 Qb6 19. Be5 Rh6 20. Nxb5 Qd8 21.
Nc7+ Kf8 22. Nxa6 Qa5 23. Bc3 Qxa2 24. Bb4 Bxb4 25. Nxb4 Qa8 26. f3 g4 27. f4
h4 28. f5 exf5 29. Bxf5 Re7 30. Rd4 h3 31. Rcd1 Qa5 32. Bxg4 hxg2 33. Nd3 Qg5
34. Re1 Be4 35. Nf2 Rh4 36. h3 Bc6 37. b4 Nd5 38. Ne4 Qe5 39. Qxg2 Nf6 40. Rd8+
Ne8 41. Rd4 Bxe4 42. Qf2 Rh6 43. Qf4 Rf6 44. Qxe5 Rxe5 45. Rc1 Rb6 46. Rc8 Bg6
47. Kf2 Kg7 48. Ke2 Nd6 49. Rc5 Re7 50. Kd2 Ne4+ 51. Ke2 Nxc5 52. bxc5 Rb2+ 53.
Kd1 Rxe3 54. c6 Rc3 55. Bd7 Rcc2 56. Ke1 Rh2 0-1

[Event "BIH-ch-T"]
[Site "Sarajevo"]
[Date "2013.06.20"]
[Round "6.3"]
[White "Nestorovic, Nikola"]
[Black "Kovacevic, Aleksandar"]
[Result "1-0"]
[WhiteElo "2405"]
[BlackElo "2557"]
[PlyCount "93"]
[EventDate "2013.06.15"]

1. e4 c5 2. Nf3 d6 3. d4 cxd4 4. Nxd4 Nf6 5. Nc3 a6 6. Be2 e6 7. a4 Qc7 8. O-O
b6 9. f4 Bb7 10. Bf3 Nbd7 11. g4 Nc5 12. Qe2 h6 13. Bd2 Be7 14. b4 Ncd7 15. g5
hxg5 16. fxg5 Ng8 17. g6 Ngf6 18. gxf7+ Kxf7 19. Bh5+ Kg8 20. Nxe6 Qc8 21. Nxg7
Bf8 22. Ne8 Rxh5 23. Nxf6+ Nxf6 24. Rxf6 Rh7 25. Raf1 Bg7 26. Rg6 Kh8 27. Qd3
Be5 28. Rg2 Qe6 29. Bf4 Bg7 30. Rf3 Re8 31. Qxd6 Qxd6 32. Bxd6 Bd4+ 33. Kf1
Bxc3 34. Rxc3 Rf7+ 35. Rf2 Rxf2+ 36. Kxf2 Rxe4 37. Re3 Rxe3 38. Kxe3 Bc6 39. a5
bxa5 40. bxa5 Kg7 41. Kd4 Kf6 42. Kc5 Bf3 43. c4 Ke6 44. h4 Kd7 45. Bf4 Ke6 46.
Bc7 Kd7 47. Bb6 1-0

[Event "BIH-ch-T"]
[Site "Sarajevo"]
[Date "2013.06.20"]
[Round "6.3"]
[White "Dumpor, Atif"]
[Black "Burovic, Ismet"]
[Result "1/2-1/2"]
[WhiteElo "2357"]
[BlackElo "2351"]
[PlyCount "40"]
[EventDate "2013.06.15"]

1. d4 Nf6 2. Nf3 g6 3. g3 Bg7 4. Bg2 O-O 5. c4 d6 6. O-O Nbd7 7. Nc3 e5 8. e4
c6 9. h3 a6 10. Re1 Qc7 11. Be3 b6 12. Rc1 Bb7 13. Qc2 Rac8 14. b4 Rfe8 15.
dxe5 dxe5 16. c5 b5 17. a4 Nf8 18. Red1 Rcd8 19. Rxd8 Rxd8 20. Rd1 Ne8 1/2-1/2

[Event "BIH-ch-T"]
[Site "Sarajevo"]
[Date "2013.06.20"]
[Round "6.3"]
[White "Mrndjic, Muamer"]
[Black "Bilic, Vladimir"]
[Result "0-1"]
[WhiteElo "2279"]
[BlackElo "2290"]
[PlyCount "116"]
[EventDate "2013.06.15"]

1. d4 d5 2. Nf3 Nf6 3. c4 c6 4. e3 Bf5 5. Nc3 e6 6. Nh4 Bg6 7. Qe2 Nbd7 8. g3
Be7 9. Nxg6 hxg6 10. Bg2 O-O 11. O-O a6 12. Rd1 b5 13. b3 bxc4 14. bxc4 Qa5 15.
Bd2 Bb4 16. Rdc1 Nb6 17. cxd5 cxd5 18. Rab1 Rab8 19. a3 Qxa3 20. Ra1 Qb3 21.
Bf1 a5 22. Qe1 Nc4 23. Rab1 Nxd2 24. Qxd2 Bxc3 25. Qd3 Qa2 26. Rxb8 Rxb8 27.
Qxc3 Ne4 28. Qe1 Qd2 29. Qxd2 Nxd2 30. Bd3 Rb3 31. Rc8+ Kh7 32. Bc2 Rb2 33. h4
Ra2 34. h5 a4 35. hxg6+ fxg6 36. Kg2 Nc4 37. Bd3 Nxe3+ 38. Kf3 Nd1 39. Bc2 Ra3+
40. Ke2 Nc3+ 41. Ke3 Ne4+ 42. Ke2 Nd6 43. Rb8 Ra2 44. Kd3 Ne4 45. Rf8 a3 46. g4
Ra1 47. Ke2 a2 48. Ra8 Rg1 49. Bxe4 a1=Q 50. Rxa1 Rxa1 51. Bd3 Rg1 52. f3 Kh6
53. Kf2 Rd1 54. Ke2 Rh1 55. Ke3 Kg5 56. Be2 Ra1 57. f4+ Kh4 58. g5 Kg3 0-1

[Event "BIH-ch-T"]
[Site "Sarajevo"]
[Date "2013.06.20"]
[Round "6.3"]
[White "Hadzovic, Amir"]
[Black "Stanisic, Vlajko"]
[Result "1-0"]
[WhiteElo "2212"]
[BlackElo "2009"]
[PlyCount "65"]
[EventDate "2013.06.15"]

1. e4 c5 2. Nc3 a6 3. a4 Nc6 4. f4 e6 5. Nf3 d5 6. d3 d4 7. Ne2 g6 8. g3 Bg7 9.
Bg2 Nge7 10. O-O O-O 11. g4 f5 12. gxf5 gxf5 13. Ng3 Qe8 14. Nd2 Rb8 15. a5 Rf6
16. Nc4 Rh6 17. Re1 Qg6 18. Bf3 Bd7 19. e5 Qe8 20. Nd6 Qd8 21. Bd2 Ng6 22. Re2
Qh4 23. Rg2 Nd8 24. Nh5 Bc6 25. Rg5 Qh3 26. Bxc6 Nxc6 27. Qe2 Kf8 28. Rf1 Bh8
29. Rf3 Qh4 30. Rfg3 Ncxe5 31. Nxf5 exf5 32. fxe5 Ke7 33. Rxf5 1-0

[Event "BIH-ch-T"]
[Site "Sarajevo"]
[Date "2013.06.20"]
[Round "6.4"]
[White "Jankovic, Alojzije"]
[Black "Savic, Miodrag R"]
[Result "1/2-1/2"]
[WhiteElo "2559"]
[BlackElo "2529"]
[PlyCount "79"]
[EventDate "2013.06.15"]

1. d4 Nf6 2. c4 e6 3. Nf3 b6 4. g3 Bb4+ 5. Bd2 Bxd2+ 6. Qxd2 Bb7 7. Bg2 d6 8.
Nc3 Nbd7 9. Qc2 O-O 10. O-O a6 11. Rfe1 Rb8 12. e4 e5 13. Rad1 Qe8 14. Nd5 exd4
15. Nxc7 Qc8 16. Nd5 Bxd5 17. exd5 b5 18. Rxd4 Qc5 19. b3 Rfe8 20. Rc1 Ne5 21.
Rf4 Nxf3+ 22. Bxf3 b4 23. h4 h6 24. Be4 Re5 25. Bd3 Rbe8 26. Kg2 a5 27. g4 Qc7
28. Rg1 Qe7 29. Kh3 Re1 30. Rxe1 Qxe1 31. Kg2 Qe5 32. Qd2 Qa1 33. g5 Nh5 34.
Re4 Rxe4 35. Bxe4 Qe5 36. Qe3 hxg5 37. hxg5 Kf8 38. Bd3 Nf4+ 39. Kf3 Nxd3 40.
Qxd3 1/2-1/2

[Event "BIH-ch-T"]
[Site "Sarajevo"]
[Date "2013.06.20"]
[Round "6.4"]
[White "Tomic, Bosko"]
[Black "Kosic, Dragan"]
[Result "1/2-1/2"]
[WhiteElo "2430"]
[BlackElo "2501"]
[PlyCount "108"]
[EventDate "2013.06.15"]

1. e4 e6 2. d4 d5 3. Nc3 Nf6 4. Bg5 Be7 5. e5 Nfd7 6. Bxe7 Qxe7 7. f4 O-O 8.
Nf3 c5 9. Bd3 f5 10. O-O Nc6 11. Nb5 cxd4 12. Nbxd4 Nc5 13. c4 Nxd3 14. Qxd3
Nb4 15. Qa3 dxc4 16. Rac1 Qc5 17. Qa4 Rd8 18. a3 Nd3 19. Qxc4 Qxc4 20. Rxc4
Nxf4 21. Nxf5 Ne2+ 22. Kf2 exf5 23. Kxe2 b6 24. Ra4 Bb7 25. Rc1 Rd7 26. Ke3 h6
27. Rd4 Re7 28. Kf4 Rae8 29. Re1 Be4 30. h4 Re6 31. Rd6 Rxd6 32. exd6 Kf7 33.
h5 Rd8 34. Ne5+ Kf6 35. Rd1 Bxg2 36. d7 Be4 37. Rg1 Rg8 38. d8=Q+ Rxd8 39. Rg6+
Ke7 40. Rxg7+ Ke6 41. Rg6+ Kd5 42. Nc6 Rd7 43. Rxh6 Kc5 44. Ne5 Rd2 45. b4+ Kb5
46. Rh7 Rf2+ 47. Ke3 Rh2 48. h6 Bb1 49. Kf4 Rf2+ 50. Kg3 Re2 51. Re7 f4+ 52.
Kxf4 Re4+ 53. Kg5 Re3 54. Nc6 Rxa3 1/2-1/2

[Event "BIH-ch-T"]
[Site "Sarajevo"]
[Date "2013.06.20"]
[Round "6.4"]
[White "Bejtovic, Jasmin"]
[Black "Djukic, Boris"]
[Result "1-0"]
[WhiteElo "2397"]
[BlackElo "2280"]
[PlyCount "107"]
[EventDate "2013.06.15"]

1. Nf3 Nf6 2. c4 e6 3. g3 b6 4. Bg2 Bb7 5. d4 d5 6. Ne5 Be7 7. O-O O-O 8. Nc3
c6 9. Qc2 Nbd7 10. e4 dxc4 11. Nxc4 b5 12. Nd2 e5 13. Nb3 Qb6 14. dxe5 Nxe5 15.
a4 a6 16. Bf4 Nfd7 17. a5 Qc7 18. Rfd1 Nc5 19. Nd4 Bf6 20. Nf5 Ne6 21. Bxe5
Bxe5 22. f4 Bxc3 23. Qxc3 c5 24. Rd6 Rad8 25. e5 Bxg2 26. Kxg2 g6 27. Rxd8 Rxd8
28. Nd6 Qc6+ 29. Qf3 Nd4 30. Qxc6 Nxc6 31. Kf3 f5 32. Ke3 Nd4 33. Rd1 Ne6 34.
b3 Kf8 35. h3 Ke7 36. g4 Nd4 37. gxf5 Nxf5+ 38. Nxf5+ gxf5 39. Rg1 Rd4 40. Rg7+
Ke6 41. Ra7 Re4+ 42. Kf3 Rb4 43. Rxa6+ Ke7 44. Kg3 Rxb3+ 45. Kh4 Kd7 46. Kg5
Rxh3 47. Kxf5 c4 48. e6+ Ke7 49. Ra7+ Kd6 50. Rd7+ Kc6 51. a6 b4 52. Rd8 Kb6
53. e7 Re3 54. Rd6+ 1-0

[Event "BIH-ch-T"]
[Site "Sarajevo"]
[Date "2013.06.20"]
[Round "6.4"]
[White "Bulajic, Ratko"]
[Black "Rasidovic, Sead"]
[Result "0-1"]
[WhiteElo "2307"]
[BlackElo "2381"]
[PlyCount "113"]
[EventDate "2013.06.15"]

1. d4 e6 2. g3 f5 3. Bg2 Nf6 4. Nh3 Be7 5. Nd2 d6 6. O-O c6 7. e4 fxe4 8. Nxe4
O-O 9. c3 Nxe4 10. Bxe4 Nd7 11. Nf4 Nf6 12. Bg2 Nd5 13. Nd3 Bf6 14. Re1 Re8 15.
a4 Bd7 16. h4 Qc8 17. Bg5 Ne7 18. Qd2 Qc7 19. Re2 Ng6 20. h5 Nf8 21. Rae1 Re7
22. Bf4 Rae8 23. Ne5 Bc8 24. Qc2 Rd8 25. b4 Ree8 26. Nc4 b5 27. Na5 g5 28. hxg6
Nxg6 29. Qc1 e5 30. Nxc6 Nxf4 31. gxf4 Qg7 32. Nxd8 Bh3 33. f3 Bxd8 34. axb5
Rf8 35. Kh2 Be6 36. Rh1 Rxf4 37. Re4 Bg5 38. Qe1 Bd5 39. dxe5 Bxe4 40. fxe4
Qxe5 41. Qg3 Kh8 42. Kh3 Rh4+ 43. Qxh4 Bxh4 44. Kxh4 Qxc3 45. Rf1 Kg7 46. Rf5
Qxb4 47. Bf3 Qe1+ 48. Kh3 Qg1 49. Bg2 Kg6 50. Bf3 Kg7 51. Bg2 Qe3+ 52. Bf3 d5
53. exd5 Kg6 54. Kg4 Qg1+ 55. Kf4 Qh2+ 56. Ke4 Qc2+ 57. Kd4 0-1

[Event "BIH-ch-T"]
[Site "Sarajevo"]
[Date "2013.06.20"]
[Round "6.4"]
[White "Bosnjak, Damir"]
[Black "Jefic, Srdjan"]
[Result "1/2-1/2"]
[WhiteElo "2274"]
[BlackElo "2166"]
[PlyCount "50"]
[EventDate "2013.06.15"]

1. e4 c5 2. Nf3 e6 3. d4 cxd4 4. Nxd4 a6 5. c4 Nf6 6. Nc3 Bb4 7. Bd3 Nc6 8.
Nxc6 dxc6 9. a3 Bc5 10. O-O e5 11. h3 Be6 12. Qe2 Qd7 13. Be3 Bxe3 14. Qxe3 O-O
15. Rfd1 Rad8 16. Bf1 Qe7 17. Qb6 Bc8 18. b4 g6 19. Qe3 Rxd1 20. Rxd1 Rd8 21.
Qc5 Qxc5 22. Rxd8+ Qf8 23. Rxf8+ Kxf8 24. c5 Ke7 25. g3 Ne8 1/2-1/2

[Event "BIH-ch-T"]
[Site "Sarajevo"]
[Date "2013.06.20"]
[Round "6.4"]
[White "Sekulic, Vlatko"]
[Black "Terzic, Ilijas"]
[Result "1/2-1/2"]
[WhiteElo "2295"]
[BlackElo "2213"]
[PlyCount "37"]
[EventDate "2013.06.15"]

1. e4 c5 2. c3 e6 3. d4 d5 4. e5 Nc6 5. Nf3 Bd7 6. Be2 f6 7. O-O fxe5 8. Nxe5
Nxe5 9. dxe5 Bc6 10. c4 d4 11. Bd3 Qd7 12. Bg5 Nh6 13. f4 Nf7 14. Bh4 Be7 15.
Qe1 Bxh4 16. Qxh4 g5 17. fxg5 O-O-O 18. Nd2 Nxe5 19. Be4 1/2-1/2

[Event "BIH-ch-T"]
[Site "Sarajevo"]
[Date "2013.06.20"]
[Round "6.5"]
[White "Palac, Mladen"]
[Black "Sedlak, Nikola"]
[Result "1/2-1/2"]
[WhiteElo "2560"]
[BlackElo "2571"]
[PlyCount "40"]
[EventDate "2013.06.15"]

1. e4 e6 2. d4 d5 3. Nd2 dxe4 4. Nxe4 Nd7 5. Nf3 Ngf6 6. Nxf6+ Nxf6 7. c3 Be7
8. Bd3 O-O 9. Qe2 b6 10. Bf4 Bb7 11. O-O Rc8 12. Ba6 Qd5 13. Bxb7 Qxb7 14. Rad1
Rfd8 15. Ne5 c5 16. dxc5 Bxc5 17. Bg5 Be7 18. Ng4 Nxg4 19. Qxg4 Qc7 20. Bxe7
Qxe7 1/2-1/2

[Event "BIH-ch-T"]
[Site "Sarajevo"]
[Date "2013.06.20"]
[Round "6.5"]
[White "Popovic, Dusan"]
[Black "Brkic, Ante"]
[Result "1-0"]
[WhiteElo "2562"]
[BlackElo "2584"]
[PlyCount "147"]
[EventDate "2013.06.15"]

1. e4 e5 2. Nf3 Nc6 3. Bb5 a6 4. Ba4 Nf6 5. O-O b5 6. Bb3 Bc5 7. d3 d6 8. c3
O-O 9. h3 h6 10. Re1 Bb6 11. Nbd2 Ne7 12. Nf1 Ng6 13. Ng3 Re8 14. d4 Bb7 15.
Bc2 d5 16. Nxe5 Nxe5 17. dxe5 Nxe4 18. Nxe4 dxe4 19. Qh5 g6 20. Qxh6 Rxe5 21.
Be3 Bxe3 22. Qxe3 Qe7 23. a4 Rd8 24. axb5 axb5 25. b4 c5 26. f4 Red5 27. Bxe4
Rd2 28. Qxc5 Qxc5+ 29. bxc5 Bxe4 30. Rxe4 Rc2 31. Re3 Rdd2 32. Rg3 Rd5 33. Ra8+
Kg7 34. Rc8 Rd1+ 35. Kh2 Rf1 36. Rb8 Rxf4 37. Rxb5 Rc4 38. Rb7 Rxc5 39. Rf3 Rg5
40. Rbxf7+ Kh6 41. Rf2 Rxc3 42. Rd7 Rgc5 43. Rff7 Kg5 44. Rh7 R3c4 45. Rd3 Rc7
46. Rg3+ Kf6 47. Rh6 Rg7 48. Rf3+ Kg5 49. Rh8 Rf4 50. Rg3+ Kf6 51. Rf8+ Rf7 52.
Rg8 Rg7 53. Rf8+ Rf7 54. Rg8 Rg7 55. Rc8 Rf5 56. Rg4 Re5 57. Rf8+ Ke7 58. Rf3
Ke6 59. Ra4 Rf5 60. Ra6+ Ke5 61. Rg3 g5 62. Re3+ Kd4 63. Re8 Rd7 64. Ra1 Kc3
65. Rc1+ Kd2 66. Ree1 Rdf7 67. Rcd1+ Kc2 68. Rd4 Kc3 69. Red1 Kc2 70. R4d2+ Kc3
71. Rd5 Kc4 72. Rxf5 Rxf5 73. Kg3 Re5 74. Kg4 1-0

[Event "BIH-ch-T"]
[Site "Sarajevo"]
[Date "2013.06.20"]
[Round "6.5"]
[White "Goric, Esad"]
[Black "Kurajica, Bojan"]
[Result "0-1"]
[WhiteElo "2321"]
[BlackElo "2513"]
[PlyCount "36"]
[EventDate "2013.06.15"]

1. c4 e5 2. g3 Nc6 3. Bg2 f5 4. Nc3 Nf6 5. d3 Bb4 6. Bd2 O-O 7. a3 Bxc3 8. Bxc3
d6 9. Nf3 Qe8 10. O-O Qh5 11. e3 f4 12. exf4 Bg4 13. h3 Bxh3 14. Bxh3 Qxh3 15.
Ng5 Qf5 16. fxe5 Ng4 17. Nh3 Qh5 18. Kg2 Rxf2+ 0-1

[Event "BIH-ch-T"]
[Site "Sarajevo"]
[Date "2013.06.20"]
[Round "6.5"]
[White "Vukic, Milan"]
[Black "Stojanovic, Dobrisav"]
[Result "1/2-1/2"]
[WhiteElo "2388"]
[BlackElo "2361"]
[PlyCount "131"]
[EventDate "2013.06.15"]

1. Nf3 Nf6 2. g3 d5 3. Bg2 Bg4 4. c4 c6 5. b3 e6 6. Bb2 Nbd7 7. O-O Be7 8. d4
O-O 9. Nc3 Qa5 10. Nd2 Rfd8 11. h3 Bh5 12. Qc1 Rac8 13. e4 dxe4 14. Ndxe4 Nxe4
15. Nxe4 Nf6 16. Nd2 Bb4 17. Nf3 Bg6 18. a3 Be7 19. Ne5 Be4 20. f3 Bg6 21. Qe3
Nd7 22. Nxg6 hxg6 23. f4 Bf6 24. Rf2 Nf8 25. Kh2 g5 26. fxg5 Qxg5 27. Qxg5 Bxg5
28. Rd1 Bf6 29. Rfd2 Rd6 30. Kg1 Rcd8 31. Kf2 Nd7 32. Ke2 Nc5 33. dxc5 Rxd2+
34. Rxd2 Rxd2+ 35. Kxd2 Bxb2 36. b4 Bxa3 37. b5 cxb5 38. cxb5 Bxc5 39. Bxb7 Bf2
40. g4 Kh7 41. Ke2 Bh4 42. Kf3 Kg6 43. Kf4 Bd8 44. Be4+ Kh6 45. Bc6 Bc7+ 46.
Kf3 Kg5 47. Be8 Kf6 48. h4 g6 49. g5+ Ke7 50. Bc6 Be5 51. Kg4 Bd4 52. h5 gxh5+
53. Kxh5 Be3 54. Kg4 Bd2 55. Kh5 Kf8 56. Kg4 Kg7 57. Be4 Be3 58. Kh5 Kf8 59.
Kg4 Bd2 60. Bc6 Ke7 61. Kh5 f5 62. gxf6+ Kxf6 63. Kg4 Ke5 64. Kf3 Kd4 65. Ke2
Bg5 66. Bd7 1/2-1/2

[Event "BIH-ch-T"]
[Site "Sarajevo"]
[Date "2013.06.20"]
[Round "6.5"]
[White "Narancic, Vlado"]
[Black "Dimitrijevic, Aleksandra"]
[Result "0-1"]
[WhiteElo "2329"]
[BlackElo "2262"]
[PlyCount "88"]
[EventDate "2013.06.15"]

1. Nf3 Nf6 2. g3 g6 3. Bg2 Bg7 4. c3 d5 5. O-O O-O 6. d3 c5 7. Nbd2 Nc6 8. e4
e5 9. Re1 Re8 10. a3 b6 11. b4 dxe4 12. dxe4 Bb7 13. Bb2 Qc7 14. Qb3 Bf8 15.
Bf1 a6 16. Rac1 Rad8 17. b5 Na5 18. Qa4 Bh6 19. Rc2 axb5 20. Bxb5 Re6 21. Bc1
Bg7 22. Ng5 Red6 23. Nc4 Nxc4 24. Bxc4 R8d7 25. Rce2 h6 26. Nf3 Re7 27. Bb5 Kh7
28. Nd2 Rd8 29. Nc4 Ba8 30. Qb3 Nh5 31. Qb1 Kh8 32. Ba4 f5 33. f3 fxe4 34. fxe4
Re6 35. Ne3 Nf6 36. Bc2 c4 37. Ng2 Red6 38. Nh4 Kh7 39. h3 Rd3 40. Re3 Qc5 41.
Kh2 Nxe4 42. Rxe4 Qf2+ 43. Ng2 Qxg3+ 44. Kg1 Bxe4 0-1

[Event "BIH-ch-T"]
[Site "Sarajevo"]
[Date "2013.06.21"]
[Round "7.1"]
[White "Miljkovic, Miroslav D"]
[Black "Popovic, Dusan"]
[Result "1/2-1/2"]
[WhiteElo "2462"]
[BlackElo "2562"]
[PlyCount "41"]
[EventDate "2013.06.15"]

1. d4 Nf6 2. c4 g6 3. Nc3 Bg7 4. Nf3 d6 5. Bf4 O-O 6. e3 Nfd7 7. h3 e5 8. Bh2
exd4 9. Nxd4 Re8 10. Be2 Ne5 11. O-O Nbc6 12. Nxc6 Nxc6 13. Rc1 Be6 14. Qd2 Ne5
15. Nd5 c6 16. Nf4 Qe7 17. Rfd1 Rad8 18. b3 a6 19. Nxe6 Qxe6 20. Qc2 h5 21. Rd2
1/2-1/2

[Event "BIH-ch-T"]
[Site "Sarajevo"]
[Date "2013.06.21"]
[Round "7.1"]
[White "Jakovljevic, Vlado"]
[Black "Trkulja, Goran"]
[Result "1/2-1/2"]
[WhiteElo "2440"]
[BlackElo "2390"]
[PlyCount "49"]
[EventDate "2013.06.15"]

1. Nf3 c5 2. c4 Nc6 3. d4 cxd4 4. Nxd4 e5 5. Nc2 Bc5 6. Be3 d6 7. Bxc5 dxc5 8.
Qxd8+ Kxd8 9. Nc3 Nf6 10. g3 Be6 11. Ne3 Nd4 12. O-O-O Ke7 13. Bg2 Rab8 14. Rd2
b6 15. Ned5+ Bxd5 16. Bxd5 Rhd8 17. e3 Nf5 18. b3 Nd6 19. Bg2 Nde8 20. f4 Nc7
21. Bh3 Rxd2 22. Kxd2 Rd8+ 23. Kc2 exf4 24. exf4 g6 25. Re1+ 1/2-1/2

[Event "BIH-ch-T"]
[Site "Sarajevo"]
[Date "2013.06.21"]
[Round "7.1"]
[White "Narancic, Vlado"]
[Black "Muratovic, Enver"]
[Result "1-0"]
[WhiteElo "2329"]
[BlackElo "2289"]
[PlyCount "159"]
[EventDate "2013.06.15"]

1. e4 e6 2. d3 c5 3. Nf3 Nc6 4. c3 d6 5. Nbd2 Nf6 6. g3 Be7 7. Bg2 O-O 8. O-O
Qc7 9. Re1 Rd8 10. a3 a5 11. a4 Rb8 12. Nc4 Nd7 13. Na3 Nde5 14. Qc2 Nxf3+ 15.
Bxf3 Bf6 16. Bg2 Na7 17. Bf4 e5 18. Be3 b6 19. f4 Bb7 20. Nc4 Nc6 21. Re2 Ba6
22. Rf1 exf4 23. gxf4 Re8 24. Bf2 Bxc4 25. dxc4 Rbd8 26. Bg3 Qd7 27. Rfe1 h5
28. Qd3 h4 29. Bf2 Qg4 30. Qf3 Qxf3 31. Bxf3 Ne7 32. Be3 Ng6 33. Kg2 Nf8 34.
Kh3 Ne6 35. Kg4 Kf8 36. Bc1 g6 37. e5 dxe5 38. fxe5 Bg7 39. Kxh4 Ke7 40. Rd2
Rh8+ 41. Kg3 Rxd2 42. Bxd2 g5 43. Bg4 Rd8 44. Bc1 Rd3+ 45. Kf2 Nf4 46. Bf5 Rd8
47. Kf3 Rh8 48. Bxf4 gxf4 49. h3 Rd8 50. Re2 Bh6 51. Ke4 Rd1 52. Bg4 Rd8 53.
Bh5 Rd1 54. Kf5 f3 55. Bxf3 Rf1 56. Ke4 f5+ 57. exf6+ Kxf6 58. Rg2 Re1+ 59. Kd5
Re3 60. Bg4 Re1 61. Kc6 Rb1 62. Rf2+ Ke7 63. Bf5 Rh1 64. Re2+ Kf8 65. Be4 Rxh3
66. Kxb6 Ke7 67. Kxc5 Kd8 68. Kb5 Kc7 69. Bd5 Bf8 70. Kxa5 Rh6 71. Rf2 Bc5 72.
Rf7+ Kb8 73. Rb7+ Kc8 74. Kb5 Be3 75. a5 Rh2 76. b4 Ra2 77. Re7 Bg5 78. Rf7 Bd8
79. Kc6 Re2 80. a6 1-0

[Event "BIH-ch-T"]
[Site "Sarajevo"]
[Date "2013.06.21"]
[Round "7.1"]
[White "Pasalic, Harun"]
[Black "Popovic, Zoran"]
[Result "1-0"]
[WhiteElo "2171"]
[BlackElo "2338"]
[PlyCount "119"]
[EventDate "2013.06.15"]

1. e4 c6 2. d4 d5 3. Nd2 dxe4 4. Nxe4 Bf5 5. Ng3 Bg6 6. h4 h6 7. Nf3 Nd7 8. h5
Bh7 9. Bd3 Bxd3 10. Qxd3 e6 11. Bd2 Qc7 12. O-O-O Ngf6 13. Ne4 O-O-O 14. g3
Nxe4 15. Qxe4 Nf6 16. Qe2 Bd6 17. c4 c5 18. Bc3 cxd4 19. Nxd4 a6 20. Kb1 Rd7
21. Rc1 Bc5 22. Rh4 Bxd4 23. Bxd4 Re8 24. Be5 Qc5 25. Rc2 Red8 26. Rh1 Ne8 27.
Bc3 Rd3 28. a3 Qc6 29. Re1 Qf3 30. Qe5 Rd1+ 31. Rxd1 Rxd1+ 32. Ka2 Qd3 33. Qe2
Kd7 34. g4 f6 35. a4 b6 36. a5 bxa5 37. Bxa5 Qxe2 38. Rxe2 Rg1 39. Rd2+ Kc6 40.
f3 f5 41. gxf5 Rg5 42. Re2 Rxf5 43. Rxe6+ Kd7 44. Rxa6 Rxh5 45. Bc3 g5 46. c5
Nc7 47. Rd6+ Kc8 48. Bg7 Ne8 49. Rg6 Nxg7 50. Rxg7 g4 51. b4 gxf3 52. Rf7 Rh2+
53. Kb3 Rf2 54. Kc4 Rf1 55. Kb5 h5 56. Kc6 Kd8 57. b5 Ke8 58. Rf4 f2 59. b6 h4
60. b7 1-0

[Event "BIH-ch-T"]
[Site "Sarajevo"]
[Date "2013.06.21"]
[Round "7.2"]
[White "Savic, Miodrag R"]
[Black "Palac, Mladen"]
[Result "1/2-1/2"]
[WhiteElo "2529"]
[BlackElo "2560"]
[PlyCount "23"]
[EventDate "2013.06.15"]

1. e4 c5 2. c3 Nf6 3. e5 Nd5 4. Nf3 Nc6 5. d4 cxd4 6. Bc4 Nb6 7. Bb3 d5 8. exd6
Qxd6 9. O-O Be6 10. Bxe6 Qxe6 11. Nxd4 Nxd4 12. Qxd4 1/2-1/2

[Event "BIH-ch-T"]
[Site "Sarajevo"]
[Date "2013.06.21"]
[Round "7.2"]
[White "Djukic, Boris"]
[Black "Dizdarevic, Emir"]
[Result "1/2-1/2"]
[WhiteElo "2280"]
[BlackElo "2515"]
[PlyCount "110"]
[EventDate "2013.06.15"]

1. d4 d5 2. Nf3 Nf6 3. c4 dxc4 4. Qa4+ c6 5. Qxc4 Bf5 6. Nc3 e6 7. g3 Nbd7 8.
Bg2 Be7 9. O-O O-O 10. a4 h6 11. a5 Rc8 12. Rd1 Ne4 13. Be3 Nxc3 14. bxc3 Be4
15. Qb3 c5 16. dxc5 Qe8 17. Ne5 Nxe5 18. Bxe4 Ng4 19. Bd4 e5 20. Bf5 exd4 21.
Bxg4 Rxc5 22. cxd4 Rb5 23. Qd3 Bd8 24. a6 bxa6 25. Rxa6 Bb6 26. Ra2 Rb4 27. e3
Qe7 28. Rc1 Qg5 29. Qd1 f5 30. Be2 f4 31. Bc4+ Kh8 32. Qd2 a5 33. exf4 Qf6 34.
d5 Bc7 35. Rac2 Bd6 36. Qe3 a4 37. Ba2 a3 38. Qd3 Rd4 39. Qe3 Rb4 40. Qd3 Rd4
41. Qc3 Rb4 42. Qxf6 gxf6 43. Rc6 Rd8 44. R1c2 Kg7 45. Kg2 Bf8 46. Rc7+ Kg6 47.
Kf3 Rdb8 48. Bc4 f5 49. h3 Rb2 50. Ba2 Rxc2 51. Rxc2 h5 52. Rc6+ Kg7 53. Rc2
Bd6 54. Rc6 Bf8 55. Rc2 Bd6 1/2-1/2

[Event "BIH-ch-T"]
[Site "Sarajevo"]
[Date "2013.06.21"]
[Round "7.2"]
[White "Kurajica, Bojan"]
[Black "Bulajic, Ratko"]
[Result "1-0"]
[WhiteElo "2513"]
[BlackElo "2307"]
[PlyCount "85"]
[EventDate "2013.06.15"]

1. Nf3 Nf6 2. d4 g6 3. g3 Bg7 4. Bg2 O-O 5. b3 d6 6. Bb2 e5 7. dxe5 Nfd7 8. Nc3
dxe5 9. Qd2 Re8 10. O-O-O e4 11. Ne1 e3 12. fxe3 Qe7 13. Nd5 Bxb2+ 14. Kxb2
Qe5+ 15. Qd4 Na6 16. Bh3 f5 17. e4 Qxe4 18. Qxe4 Rxe4 19. Nc3 Re8 20. e4 Nf6
21. exf5 gxf5 22. Nd3 c6 23. Rhf1 Ng4 24. Rd2 Nc7 25. Bxg4 fxg4 26. Nc5 Kg7 27.
Nxb7 Re7 28. Nd6 Be6 29. Re2 Rd7 30. Nde4 Rf7 31. Rfe1 Kg6 32. Nd6 Rf6 33. Nce4
Rf3 34. Nc5 Bg8 35. Nd7 Rd8 36. Ne5+ Kh5 37. Nxf3 gxf3 38. Re5+ Kg4 39. Ne4 Kh3
40. Rf1 Rd5 41. Re7 Rf5 42. Rxc7 Bd5 43. Rxf3 1-0

[Event "BIH-ch-T"]
[Site "Sarajevo"]
[Date "2013.06.21"]
[Round "7.2"]
[White "Jefic, Srdjan"]
[Black "Vukic, Milan"]
[Result "1/2-1/2"]
[WhiteElo "2166"]
[BlackElo "2388"]
[PlyCount "91"]
[EventDate "2013.06.15"]

1. e4 c5 2. Nf3 e6 3. d4 cxd4 4. Nxd4 Nf6 5. Nc3 Nc6 6. Ndb5 d6 7. Bf4 e5 8.
Bg5 a6 9. Na3 b5 10. Nd5 Be7 11. Bxf6 Bxf6 12. c4 b4 13. Nc2 a5 14. g3 O-O 15.
h4 Nb8 16. Nce3 Na6 17. Qf3 Nc5 18. Rd1 Be6 19. Bh3 Ra6 20. Kf1 Be7 21. Nf5
Bxd5 22. cxd5 g6 23. Ne3 Bf6 24. Kg2 Bg7 25. h5 Bh6 26. Bg4 Bxe3 27. Qxe3 f5
28. Be2 f4 29. gxf4 exf4 30. Qh3 Ra7 31. hxg6 Qg5+ 32. Kf3 Qe5 33. gxh7+ Kh8
34. Bd3 Nxd3 35. Rxd3 Re7 36. Re1 Rxh7 37. Qg4 Rg8 38. Qe6 Qh5+ 39. Kxf4 Rf8+
40. Ke3 Rh6 41. Qe7 Qf3+ 42. Kd2 Qxf2+ 43. Re2 Qf4+ 44. Rde3 Rh7 45. Qe6 Rh6
46. Qe7 1/2-1/2

[Event "BIH-ch-T"]
[Site "Sarajevo"]
[Date "2013.06.21"]
[Round "7.2"]
[White "Dimitrijevic, Aleksandra"]
[Black "Sekulic, Vlatko"]
[Result "1/2-1/2"]
[WhiteElo "2262"]
[BlackElo "2295"]
[PlyCount "20"]
[EventDate "2013.06.15"]

1. d4 d6 2. c4 g6 3. Nc3 Bg7 4. Nf3 Nd7 5. e3 e5 6. Be2 Ngf6 7. O-O O-O 8. Qc2
Re8 9. Rd1 a6 10. a3 Qe7 1/2-1/2

[Event "BIH-ch-T"]
[Site "Sarajevo"]
[Date "2013.06.21"]
[Round "7.3"]
[White "Kosic, Dragan"]
[Black "Nestorovic, Nikola"]
[Result "0-1"]
[WhiteElo "2501"]
[BlackElo "2405"]
[PlyCount "70"]
[EventDate "2013.06.15"]

1. d4 Nf6 2. Nf3 e6 3. Bg5 c5 4. e3 Qb6 5. Qc1 Nc6 6. c3 d5 7. Nbd2 cxd4 8.
exd4 e5 9. Nb3 e4 10. Nfd2 h6 11. Bxf6 gxf6 12. Be2 f5 13. Nf1 Be6 14. Ng3 a5
15. Nh5 a4 16. Nd2 Rc8 17. Qb1 Nxd4 18. cxd4 Bb4 19. Qd1 Qxd4 20. Rb1 Ke7 21.
a3 Ba5 22. h4 Rc7 23. Rh3 Rhc8 24. b4 Bb6 25. Re3 Qe5 26. Nf3 Qh8 27. Nd2 Bxe3
28. fxe3 Qc3 29. Kf2 d4 30. Nf1 d3 31. Nfg3 dxe2 32. Nxe2 Qd3 33. Qe1 Rc2 34.
Nhf4 Qd2 35. Qg1 R8c3 0-1